Los re-ajustes en Centroamérica

Saved in:
Bibliographic Details
Format: Text
Subjects:
Tags: Add Tag
No Tags, Be the first to tag this record!

MARC

LEADER 00000 a a2200000 04500
001 5883
003
040
245 |a Los re-ajustes en Centroamérica  
650 |a ELECCIONES  
650 |a CONDICIONES ECONOMICAS  
650 |a AJUSTE ESTRUCTURAL  
650 |a FINANCIAMIENTO  
650 |a GASTOS PUBLICOS  
650 |a HACIENDA PUBLICA  
773 |g volumen 15, número 635; páginas 9-11  
999 |c 28981  |d 28981